Footballeurs par lettre W - Statistiques

Statistiques générales
  • Ce quiz a été pris 93 fois
  • Le résultat moyen est 11 sur 18
Statistiques - réponses
Par images Réponse % Correct
Walker
98%
Werner
94%
Wijnaldum
94%
Witsel
94%
Wirtz
90%
Weah
84%
Weah
84%
Wan Bissaka
81%
Willian
79%
Walcott
67%
Weghorst
64%
Welbeck
47%
Weidenfeller
46%
Willock
35%
Wilson
35%
Weigl
34%
Wind
9%
Westwood
3%
Aucun quiz correspondant
Distribution des résultats
% des personnes avec chaque résultat
Percentile par nombre de réponses
Votre historique - résultats
Vous n’avez pas pris ce quiz